Hướng dẫn đọc điện tim

Khoa học về dòng điện tim đã có bao nhiêu tiến triển trong nhiều năm tháng nên cuốn sách luôn được tái bản và bổ sung rất nhiều lần, luôn cập nhật kiến thức mới nhất hiện đại, hoàn chỉnh và những điều thực tế cần biết nhất chủ yê...

Descrición completa

Gardado en:
Detalles Bibliográficos
Autor Principal: Trần Đỗ Trinh
Outros autores: Trần Văn Đồng
Formato: Libro
Idioma:Vietnamese
Publicado: H. Y học 2017
Edición:Tái bản lần thứ mười hai có sửa chữa
Những chủ đề:
Các nhãn: Engadir etiqueta
Sen Etiquetas, Sexa o primeiro en etiquetar este rexistro!
Thư viện lưu trữ: Thư viện Trường Đại học Nam Cần Thơ
LEADER 02076nam a22002657a 4500
001 NCT_33371
008 180426b xxu||||| |||| 00| 0 vie d
999 |c 1608  |d 1608 
020 |a 9786046628415  |c 59000 
082 0 4 |2 23rd ed.  |a 616.1  |b Tr312 
100 1 |a Trần Đỗ Trinh 
245 1 0 |a Hướng dẫn đọc điện tim  |c Trần Đỗ Trinh, Trần Văn Đồng 
250 |a Tái bản lần thứ mười hai có sửa chữa 
260 |a H.  |b Y học  |c 2017 
300 |a 208tr.  |b minh họa  |c 19cm 
520 3 |a Khoa học về dòng điện tim đã có bao nhiêu tiến triển trong nhiều năm tháng nên cuốn sách luôn được tái bản và bổ sung rất nhiều lần, luôn cập nhật kiến thức mới nhất hiện đại, hoàn chỉnh và những điều thực tế cần biết nhất chủ yếu là các dấu hiệu để cho các bác sĩ chuyên khoa Tim mạch và các chuyên khoa khác có thể đọc được chính xác các điện tim đồ. 
653 |a Y đa khoa 
700 1 |a Trần Văn Đồng 
942 |2 ddc  |c BK 
952 |0 0  |1 0  |2 ddc  |4 0  |6 616_100000000000000_TR312  |7 0  |9 7694  |a 000001  |b 000001  |d 2018-04-26  |o 616.1 Tr312  |p MD.11881  |r 2018-04-26  |v 59000.00  |w 2018-04-26  |y BK 
952 |0 0  |1 0  |2 ddc  |4 0  |6 616_100000000000000_TR312  |7 0  |9 7695  |a 000001  |b 000001  |d 2018-04-26  |l 2  |m 1  |o 616.1 Tr312  |p MD.11882  |r 2021-01-30  |s 2021-01-15  |v 59000.00  |w 2018-04-26  |y BK 
952 |0 0  |1 0  |2 ddc  |4 0  |6 616_100000000000000_TR312  |7 0  |9 7696  |a 000001  |b 000001  |d 2018-04-26  |l 1  |o 616.1 Tr312  |p MD.11883  |r 2020-06-02  |s 2020-05-22  |v 59000.00  |w 2018-04-26  |y BK 
952 |0 0  |1 0  |2 ddc  |4 0  |6 616_100000000000000_TR312  |7 0  |9 7697  |a 000001  |b 000001  |d 2018-04-26  |l 1  |o 616.1 Tr312  |p MD.11884  |r 2020-06-30  |s 2020-05-22  |v 59000.00  |w 2018-04-26  |y BK 
952 |0 0  |1 0  |2 ddc  |4 0  |6 616_100000000000000_TR312  |7 0  |9 7698  |a 000001  |b 000001  |d 2018-04-26  |o 616.1 Tr312  |p MD.11885  |r 2018-04-26  |v 59000.00  |w 2018-04-26  |y BK 
980 |a Thư viện Trường Đại học Nam Cần Thơ